000 00354nam a2200145 a 4500
003 MO
005 20170315085857.0
008 100921s19uu xx 00 eng d
050 _aTR
_bH18 1968
100 _aHamilton, Virginia
245 4 _aThe house of dies drear.
260 _aNew York :
_bScholastic ,
_c1968.
942 _2ddc
_cBK
999 _c110744
_d110744